| 000 | 01271nam a22003134a 4500 | ||
|---|---|---|---|
| 001 | ebr5007369 | ||
| 003 | CaPaEBR | ||
| 006 | m u | ||
| 007 | cr cn||||||||| | ||
| 008 | 000901s2001 dcua sb i001 0 eng | ||
| 010 | _z 00043963 | ||
| 020 | _z0821348507 | ||
| 040 |
_aCaPaEBR _cCaPaEBR |
||
| 035 | _a(OCoLC)70765599 | ||
| 050 | 1 | 4 |
_aHC79.E44 _bE28 2001eb |
| 082 | 0 | 4 |
_a338.9/0068/4 _221 |
| 245 | 0 | 0 |
_aEconomic analysis of investment operations _h[electronic resource] : _banalytical tools and practical applications / _cPedro Belli ... [et al.]. |
| 260 |
_aWashington, D.C. : _bWorld Bank, _cc2001. |
||
| 300 |
_axxviii, 264 p. : _bill. |
||
| 490 | 1 | _aWBI development studies | |
| 504 | _aIncludes bibliographical references (p. 247-257) and index. | ||
| 533 |
_aElectronic reproduction. _bPalo Alto, Calif. : _cebrary, _d2013. _nAvailable via World Wide Web. _nAccess may be limited to ebrary affiliated libraries. |
||
| 650 | 0 |
_aEconomic development projects _xEvaluation. |
|
| 655 | 7 |
_aElectronic books. _2local |
|
| 700 | 1 | _aBelli, Pedro. | |
| 710 | 2 | _aebrary, Inc. | |
| 830 | 0 | _aWBI development studies. | |
| 856 | 4 | 0 |
_uhttp://site.ebrary.com/lib/rucke/Doc?id=5007369 _zAn electronic book accessible through the World Wide Web; click to view |
| 999 |
_c19986 _d19986 |
||